|
|
|
|
| LEADER |
00000nab a2200000 ar4500 |
| 001 |
vtls008848224 |
| 003 |
SK-MaSNL |
| 005 |
20260303062207.0 |
| 008 |
060922c2006 xo mr|p||| |000 b|slo |
| 015 |
|
|
|a SNBRB2006/09
|
| 038 |
|
|
|a SPK
|
| 040 |
|
|
|a SPKCL
|b slo
|c AACR2
|e AACR2
|
| 041 |
0 |
|
|a slo
|
| 044 |
|
|
|a xo
|c SK
|
| 080 |
|
|
|a 371
|2 1997
|
| 080 |
|
|
|a 37.014.24
|2 1997
|
| 080 |
|
|
|a 378.3
|2 1997
|
| 245 |
0 |
0 |
|a Ako sa uchádzať o štipendium
|
| 650 |
0 |
7 |
|a školstvo
|2 snkbucl
|9 19712
|
| 650 |
0 |
7 |
|a medzinárodná spolupráca
|2 snkbucl
|9 4911
|
| 650 |
0 |
7 |
|a štipendiá
|2 snkbucl
|9 23008
|
| 650 |
0 |
7 |
|a žiadosť
|2 snkbucl
|9 1057553
|
| 650 |
0 |
7 |
|a výber
|2 snkbucl
|9 455355
|
| 773 |
0 |
|
|t Bulletin SAIA
|g Roč. XVI, č. 5 (2006),
|x 1336-2496
|
| 773 |
0 |
8 |
|i Príl.:
|t Mimoriadny bulletin SAIA - štipendiá 2007/2008
|g Č. 5 (2006), s. 4
|
| 852 |
|
|
|a SPK
|b KIS3GCP
|
| 856 |
4 |
1 |
|u www.saia.sk
|
| 999 |
|
|
|c 1738310
|d 1740240
|